Digital design / (Record no. 10323)
[ view plain ]
| 000 -LEADER | |
|---|---|
| fixed length control field | 01267cam a22003497a 4500 |
| 001 - CONTROL NUMBER | |
| control field | 14845315 |
| 005 - DATE AND TIME OF LATEST TRANSACTION | |
| control field | 20201128013449.0 |
| 008 - FIXED-LENGTH DATA ELEMENTS--GENERAL INFORMATION | |
| fixed length control field | 070510s2007 njua b 001 0 eng |
| 010 ## - LIBRARY OF CONGRESS CONTROL NUMBER | |
| LC control number | 2007274820 |
| 020 ## - INTERNATIONAL STANDARD BOOK NUMBER | |
| International Standard Book Number | 9780132340434 |
| 020 ## - INTERNATIONAL STANDARD BOOK NUMBER | |
| International Standard Book Number | 0132340437 |
| 020 ## - INTERNATIONAL STANDARD BOOK NUMBER | |
| International Standard Book Number | 0131989243 |
| 020 ## - INTERNATIONAL STANDARD BOOK NUMBER | |
| International Standard Book Number | 0131741330 (CD- Rom) |
| 040 ## - CATALOGING SOURCE | |
| Original cataloging agency | DLC |
| Transcribing agency | DLC |
| Modifying agency | DLC |
| 050 00 - LIBRARY OF CONGRESS CALL NUMBER | |
| Classification number | TK7888.3 |
| Item number | .M343 2007 |
| 082 ## - DEWEY DECIMAL CLASSIFICATION NUMBER | |
| Edition number | 22 |
| Classification number | 621.395 |
| Item number | MAN |
| 100 1# - MAIN ENTRY--PERSONAL NAME | |
| Personal name | Mano, M. Morris, |
| Dates associated with a name | 1927- |
| 9 (RLIN) | 4221 |
| 245 10 - TITLE STATEMENT | |
| Title | Digital design / |
| Statement of responsibility, etc | M. Morris Mano. |
| 250 ## - EDITION STATEMENT | |
| Edition statement | 4th ed. |
| Remainder of edition statement | Pearson international edition. |
| 260 ## - PUBLICATION, DISTRIBUTION, ETC. (IMPRINT) | |
| Place of publication, distribution, etc | Upper Saddle River, NJ : |
| Name of publisher, distributor, etc | Prentice-Hall, |
| Date of publication, distribution, etc | c2007 |
| 300 ## - PHYSICAL DESCRIPTION | |
| Extent | xv, 618 p. : |
| Other physical details | ill. ; |
| Dimensions | 25 cm. + |
| Accompanying material | 1 CD-ROM (4 3/4 in.) |
| 504 ## - BIBLIOGRAPHY, ETC. NOTE | |
| Bibliography, etc | Includes bibliographical references and index. |
| 650 #0 - SUBJECT ADDED ENTRY--TOPICAL TERM | |
| Topical term or geographic name as entry element | Electronic digital computers |
| General subdivision | Circuits. |
| 9 (RLIN) | 4222 |
| 650 #0 - SUBJECT ADDED ENTRY--TOPICAL TERM | |
| Topical term or geographic name as entry element | Logic circuits. |
| 9 (RLIN) | 4223 |
| 650 #0 - SUBJECT ADDED ENTRY--TOPICAL TERM | |
| Topical term or geographic name as entry element | Logic design. |
| 9 (RLIN) | 4224 |
| 650 #0 - SUBJECT ADDED ENTRY--TOPICAL TERM | |
| Topical term or geographic name as entry element | Digital integrated circuits. |
| 9 (RLIN) | 4225 |
| 655 ## - INDEX TERM--GENRE/FORM | |
| -- | 2188 |
| Genre/form data or focus term | Electronics- year 1. |
| Form subdivision | |
| General subdivision | Computer Science |
| Chronological subdivision | Semester 2. 2008/2009 |
| 700 ## - ADDED ENTRY--PERSONAL NAME | |
| 9 (RLIN) | 1483 |
| Personal name | Ciletti, Michael D. |
| 856 41 - ELECTRONIC LOCATION AND ACCESS | |
| Materials specified | Table of contents only |
| Uniform Resource Identifier | <a href="http://www.loc.gov/catdir/toc/fy0710/2007274820.html">http://www.loc.gov/catdir/toc/fy0710/2007274820.html</a> |
| 942 ## - ADDED ENTRY ELEMENTS (KOHA) | |
| Source of classification or shelving scheme | Dewey Decimal Classification |
| Item type | Book - Borrowing |
| Withdrawn status | Item status | Source of classification or shelving scheme | Damaged status | Not for loan | Home library | Current library | Shelving location | Date acquired | Source of acquisition | Total Checkouts | Full call number | Barcode | Date last seen | Date last borrowed | Koha item type | Materials specified (bound volume or other part) | Total Renewals | Vendor |
|---|---|---|---|---|---|---|---|---|---|---|---|---|---|---|---|---|---|---|
| Dewey Decimal Classification | Central Library | Central Library | First floor | 14/12/2008 | Purchase | 5 | 621.395 MAN | 000014297 | 15/07/2025 | 18/07/2010 | NB - Book (Non borrowing) | |||||||
| Lost | Dewey Decimal Classification | Central Library | Central Library | First floor | 14/12/2008 | Purchase | 2 | 621.395 MAN | 000014298 | 27/05/2009 | 25/05/2009 | Book - Borrowing | Lost In Inventory_2015-8-23 | |||||
| Dewey Decimal Classification | Central Library | Central Library | First floor | 14/12/2008 | Purchase | 15 | 621.395 MAN | 000014299 | 15/07/2025 | 13/12/2012 | Book - Borrowing | 24 | ||||||
| Dewey Decimal Classification | Central Library | Central Library | First floor | 24/02/2009 | 1 | 621.395 MAN | 000014966 | 24/08/2022 | 24/02/2009 | CD | DVD - With book (NB) | ||||||||
| Dewey Decimal Classification | Central Library | Central Library | First floor | 04/03/2009 | 11 | 621.395 MAN | 000015193 | 15/07/2025 | 26/09/2022 | Book - Borrowing | 54 | Baccah | ||||||
| Dewey Decimal Classification | Central Library | Central Library | First floor | 04/03/2009 | 621.395 MAN | 000015192 | 24/08/2022 | CD | DVD - With book | Baccah | |||||||||
| Dewey Decimal Classification | Central Library | Central Library | First floor | 05/03/2009 | 621.395 MAN | 000015172 | 24/08/2022 | CD | DVD - With book | Baccah | |||||||||
| Dewey Decimal Classification | Central Library | Central Library | First floor | 12/03/2009 | 13 | 621.395 MAN | 000015419 | 15/07/2025 | 16/03/2023 | Book - Borrowing | 60 | Baccah | ||||||
| Dewey Decimal Classification | Central Library | Central Library | First floor | 12/03/2009 | 621.395 MAN | 000015420 | 24/08/2022 | CD | DVD - With book | Baccah | |||||||||
| Dewey Decimal Classification | Central Library | Central Library | First floor | 12/03/2009 | 14 | 621.395 MAN | 000015421 | 15/07/2025 | 27/05/2023 | Book - Borrowing | 72 | Baccah | ||||||
| Dewey Decimal Classification | Central Library | Central Library | First floor | 12/03/2009 | 621.395 MAN | 000015422 | 24/08/2022 | CD | DVD - With book | Baccah | |||||||||
| Dewey Decimal Classification | Central Library | Central Library | First floor | 17/03/2009 | 16 | 621.395 MAN | 000015471 | 15/07/2025 | 07/05/2012 | Book - Borrowing | 30 | Baccah | ||||||
| Dewey Decimal Classification | Central Library | Central Library | First floor | 17/03/2009 | 13 | 621.395 MAN | 000015472 | 15/07/2025 | 18/03/2012 | Book - Borrowing | 11 | Baccah | ||||||
| Dewey Decimal Classification | Central Library | Central Library | First floor | 18/03/2009 | 1 | 621.395 MAN | 000015474 | 24/08/2022 | 15/04/2010 | CD | DVD - With book | Baccah | |||||||
| Dewey Decimal Classification | Central Library | Central Library | First floor | 22/03/2009 | 1 | 621.395 MAN | 000015475 | 24/08/2022 | 15/04/2010 | CD | DVD - With book | Baccah | |||||||
| Dewey Decimal Classification | Central Library | Central Library | First floor | 25/05/2009 | 621.395 MAN | 000016219 | 24/08/2022 | CD | DVD - With book | Baccah |